Central Library OPAC University of Rajshahi

Pattern Recognition and Image Analysis / (Record no. 288)

MARC details
000 -LEADER
fixed length control field 00775nam a22002657a 4500
001 - CONTROL NUMBER
control field 288
003 - CONTROL NUMBER IDENTIFIER
rucl marc code BD-RjUL
005 - DATE AND TIME OF LATEST TRANSACTION
control field 20211208233142.0
008 - FIXED-LENGTH DATA ELEMENTS--GENERAL INFORMATION
fixed length control field 131117r20061997ii dc||| |||| 001 0 eng d
020 ## - INTERNATIONAL STANDARD BOOK NUMBER
International Standard Book Number 8120314840
035 ## - SYSTEM CONTROL NUMBER
System control number (BD-RjUL)305
040 ## - CATALOGING SOURCE
Original cataloging agency BD-RjUL
Language of cataloging eng
Transcribing agency BD-RjUL
041 ## - LANGUAGE CODE
Language code of text/sound track or separate title eng
082 ## - DEWEY DECIMAL CLASSIFICATION NUMBER
Edition number 22
Classification number 006.3
Author mark and year GOP 2005
100 1# - MAIN ENTRY--PERSONAL NAME
Personal name Gose, Earl.
9 (RLIN) 933
245 1# - TITLE STATEMENT
Title Pattern Recognition and Image Analysis /
Statement of responsibility, etc. Earl Gose.
260 ## - PUBLICATION, DISTRIBUTION, ETC. (IMPRINT)
Place of publication, distribution, etc. New Delhi :
Name of publisher, distributor, etc. Prentice-Hall of India pvt. Ltd.,
Date of publication, distribution, etc. c1997 [reprinted 2005].
300 ## - PHYSICAL DESCRIPTION
Pagination vii,484p. :
Illustrations ill. ;
Size 23 cm.
504 ## - BIBLIOGRAPHY, ETC. NOTE
Bibliography, etc Includes index.
526 ## - STUDY PROGRAM INFORMATION NOTE
Requested Dept. Computer science
650 #7 - SUBJECT ADDED ENTRY--TOPICAL TERM
Source of heading or term SLSH
Topical term or geographic name as entry element Optical pattern recognition.
9 (RLIN) 934
700 1# - ADDED ENTRY--PERSONAL NAME
Personal name Johnsonbaugh, Richard.
Personal name Jost,Steve.
942 ## - ADDED ENTRY ELEMENTS (KOHA)
Source of classification or shelving scheme Dewey Decimal Classification
Koha item type Books
Holdings
Lost status Source of classification or shelving scheme Damaged status Not for loan Collection code Permanent Location Current Location Shelving location Date acquired Source of acquisition Cost, normal purchase price Total Checkouts Full call number Date last seen Copy number Koha item type
  Dewey Decimal Classification     Non-fiction Central Library, University of Rajshahi Central Library, University of Rajshahi   24/05/2006 Paragon enter prises 325.00   006.3 GOP 2005 17/11/2013 C-3 Books
  Dewey Decimal Classification     Non-fiction Central Library, University of Rajshahi Central Library, University of Rajshahi   24/05/2006 Paragon enter prises 325.00   006.3 GOP 2006 17/11/2013 C-4 Books
  Dewey Decimal Classification     Non-fiction Central Library, University of Rajshahi Central Library, University of Rajshahi   24/05/2006 Dhaka,Paragon Enterprise Lit., 325.00   006.3 GOP 2005 12/11/2016 C-2 Books
  Dewey Decimal Classification   Not For Loan Non-fiction Central Library, University of Rajshahi Central Library, University of Rajshahi Reading Room 24/05/2006 Paragogn Enterprise, Dhaka 325.00   006.3 GOP 2005 14/03/2017 C-1 Books